| 000 | 00909nam a2200253 a 4500 | ||
|---|---|---|---|
| 003 | MX-MxUPN | ||
| 005 | 20241001063938.0 | ||
| 008 | 991125s1908 sp a gr 000 0 spa d | ||
| 035 | _aUPN01000034082 | ||
| 040 |
_aMX-MxUPN _bspa _cMX-MxUPN |
||
| 041 |
_aspa _afre |
||
| 050 | 4 |
_aPC2115 _bA4.4 |
|
| 100 | 1 |
_aAlcalá-Zamora, Pedro de, _953064 _d1858-1912 |
|
| 245 | 1 | 0 |
_aLecciones gráficas en español-francés : _benseñanza por la imagen |
| 260 |
_aBarcelona : _bCasa Editorial Sopena, _c1908. |
||
| 300 |
_a159 páginas : _bilustraciones |
||
| 650 | 4 |
_aFrancés _xEstudio y enseñanza _913059 |
|
| 650 | 4 |
_aFrancés _vLibros de texto para extranjeros _xMexicanos _918467 |
|
| 700 | 1 |
_953065 _aAntignac, T. _etexto en francés |
|
| 710 | 2 |
_aInstituto Nacional de Investigación Educativa (México) _epropietario anterior _928086 |
|
| 902 | _bMaríaRobles/160824 | ||
| 905 | _aLibro | ||
| 942 |
_2lcc _cLIBRO _n0 |
||
| 999 |
_c34082 _d34082 |
||